000 00466nam a2200169Ia 4500
008 230917s9999||||xx |||||||||||||| ||und||
040 _e224009
_aMAIN
041 _aEnglish
082 _a006.76 N654L(3)
100 _aNixon, Robin
245 0 _aLearning PHP, MySQL,Java Script, CSS and HTML 5
250 _a3rd ed.
260 _aMumbai
_bShroff Publishers & Distributors
_c2014
300 _axxv, 700 p.
500 _a1932 05/02/2015 Main Budget
942 _cBK
999 _c14437
_d14437